LIBRARY & INFORMATION CENTRE, KCAET, TAVANUR

ONLINE PUBLIC ACCESS CATALOGUE (OPAC)

Calculus / (Record no. 519)

MARC details
000 -LEADER
fixed length control field 00342cam a2200145ua 4500
041 ## - LANGUAGE CODE
Language code of text/sound track or separate title eng
082 ## - DEWEY DECIMAL CLASSIFICATION NUMBER
Classification number 517.2
Item number WYL/CA
100 ## - MAIN ENTRY--AUTHOR NAME
Personal name Wylie, C R .
245 ## - TITLE STATEMENT
Title Calculus /
260 ## - PUBLICATION, DISTRIBUTION, ETC. (IMPRINT)
Place of publication London :
Name of publisher Mc Graw Hill Book Company ,
Year of publication 1953.
300 ## - PHYSICAL DESCRIPTION
Number of Pages 565 ; .
942 ## - ADDED ENTRY ELEMENTS (KOHA)
Koha item type Books
Holdings
Withdrawn status Lost status Damaged status Home library Current library Date acquired Full call number Accession Number Koha item type
Withdrawn     KAUAET KAUAET 07/04/2012 517.2 3092 C Books
Withdrawn     KAUAET KAUAET 28/01/2021 517.2 WYL/CA 4841 Books
free website counter